Také sú tendencie ekonomiky. 2

Tendencie vývoja svetovej ekonomiky a ich vplyv na Slovensko. Vplyv procesu globalizácie na vývoj v SR. Štrukturálne výhody a nevýhody slovenského exportu a priemyslu.

Na minha lista:
Detalhes bibliográficos
Autor principal: Šajtlavová, M.
Formato: Capítulo de Livro
Idioma:eslovaco
Assuntos:
Tags: Adicionar Tag
Sem tags, seja o primeiro a adicionar uma tag!

MARC

LEADER 00000naa a2200000 4500
001 r025742
005 20230824085345.6
041 0 |a slo 
044 |a SK 
245 1 0 |a Také sú tendencie ekonomiky. 2  |c M. Šajtlavová 
520 |a Tendencie vývoja svetovej ekonomiky a ich vplyv na Slovensko. Vplyv procesu globalizácie na vývoj v SR. Štrukturálne výhody a nevýhody slovenského exportu a priemyslu. 
610 2 0 |a Slovensko 
610 2 0 |a hospodárstvo svetové 
610 2 0 |a vývoj hospodársky 
610 2 0 |a vývoz 
610 2 0 |a priemysel 
610 2 0 |a globalizácia 
100 1 |a Šajtlavová, M.